000 01747cab a2200277 4500
001 L129455
008 050420n2005 000 0 eng u
035 _a(Sirsi) u129455
041 _aeng
100 _aKlein, Rudi
245 _aConstruction Act Review
260 _c2005
490 _aBuilding
_v270(8376) 8 April, 53(1)
520 _aFeatures four articles which deal with the DTI review of the Construction Act 1996. "Show me the money" outlines the possible shortcomings in the Act's payment provisions and mentions the DTI's proposals for this which include how contracts should inform the way payments should be determined and when a payment is to be assessed. "Away with the fairies" argues against the idea that adjudicators can rewrite laws and be made impartial. "What the review missed" discusses the concerns about the statutory payment and adjudication provisions of the Act but warns that the review fails to deal with them properly. In "When less isn't more" criticises the review for failing to address certain key areas like the lack of a single procedure for adjudications
590 _aIKA290405
650 _aHOUSING GRANTS, CONSTRUCTION AND REGENERATION ACT 1996 S110
650 _aHOUSING GRANTS, CONSTRUCTION AND REGENERATION ACT 1996 S111
650 _aHOUSING GRANTS, CONSTRUCTION AND REGENERATION ACT 1996 PART II
650 _aSCHEME FOR CONSTRUCTION CONTRACTS
690 _aBUILT ENVIRONMENT-CONSTRUCTION MANAGEMENT-BUILDING CONTRACT ADMINISTRATION
690 _aMANAGEMENT-DISPUTE AVOIDANCE, MANAGEMENT AND RESOLUTION-DISPUTE MANAGEMENT AND RESOLUTION-ALTERNATIVE DISPUTE RESOLUTION-ADJUDICATION
700 _aBingham, Tony
700 _aHenchie, Nick
700 _aRedmond, John
942 _n0
999 _c75118
_d75118